000 00529nam a2200193Ia 4500
005 20250326141103.0
008 250326s9999 xx 000 0 und d
037 _aTextbook
040 _aFMSL
_beng
_cFMSL
041 _aeng
_2eng
084 _aX:89Qg P0;2
_qFMSL
100 _aRushton A
_9496530
245 0 _aLogistics and distribution management
_cRushton A And Others
250 _a2
260 _aLondon
_bLondon, Kogan
_c2000
300 _a571p
942 _cTB
_hX:89Qg P0;2
999 _c1288642
_d1288642